| 000 | 00586nam a22002537a 4500 | ||
|---|---|---|---|
| 003 | UA-OsUOA | ||
| 001 | 22641 | ||
| 007 | ta | ||
| 008 | 20031223b un ||||| |||| 00| 0 ukr d | ||
| 100 | _aАронс К. | ||
| 090 |
_a159.923 _bА84 |
||
| 942 | _cBK | ||
| 040 |
_aUA-OsUOA _brus _cUA-OsUOA _dUA-OsUOA |
||
| 245 | _aРазвод: крах или новая жизнь? | ||
| 300 | _a448 с. | ||
| 955 | _a0 | ||
| 041 | _arus | ||
| 080 | _a159.923 | ||
| 020 | _a5-85029-055-9 | ||
| 260 |
_aМосква _bМирт _c1995 |
||
| 044 | _aRU | ||
| 650 | 7 | _2UDC | |
| 999 |
_c308865 _d308865 |
||